Compañeros de princesas Disney - Estadísticas

Estadísticas generales
  • Esta prueba ha sido intentada 71 veces
    61 desde el último reinicio
  • La puntuación promedio es 13 de 28
Estadísticas de respuestas
Imagen Respuesta % Correcto
Olaf
92%
Gruñón
88%
Sebastián
84%
Lumiere
78%
Mushu
78%
Flounder
71%
Pascal
71%
Dormilón
69%
Sven
65%
Tímido
61%
Feliz
57%
Gus Gus
57%
Cri Kee
47%
Ding Dong
45%
Maximus
45%
Tontín
43%
Jack
37%
Estornudo
35%
Ray
31%
Hei Hei
29%
Pua
25%
Louis
24%
Doc
22%
Meeko
22%
Rajah
22%
Hermanito
18%
Scuttle
10%
Tuk Tuk
8%
No se encontraron pruebas coincidentes
Distribución de puntuación
Porcentaje de gente con cada puntuación
Porcentaje por número respondido
Historial de tus puntuaciones
No has intentado esta prueba desde el último reinicio